Statistiken für Sprachen auf denen Frankreich beim ESC gesungen hat

Klicken Sie hier um das Quiz zu spielen!

Allgemein

  • Dieses Quiz wurde 148 mal gespielt
  • Das Durchschnittsergebnis liegt bei 3 aus 6

Antwortstatistiken

AnzahlSprache% Korrekt
8Englisch
100%
64Französisch
99%
2Spanisch
89%
1Bretonisch
17%
2Korsisch
7%
1Kreolisch
5%

Verteilung der Resultate

Perzentil nach korrekt beantworteten Fragen

Anzahl Personen mit jedem Resultat

Ihre Resultats-Entwicklung

Sie haben dieses Quiz noch nicht gespielt